MDQL
is popping MORE tags! Check the
thread
!
Quizzes
Events
Quiz Creation
Community
Videos
Private Events
Remove Ads
Sign In
Join for FREE
Feedback
Dark Mode
Quiz Categories
Sports
Geography
Music
Movies
Television
Just For Fun
Miscellaneous
History
Literature
Language
Science
Gaming
Entertainment
Religion
Holiday
For Kids
Quiz Lab
Recent
Popular Today
Quiz Kudos Today
Editor Picks
Curator Picks
Quizzes by...
Day
Popularity
Type
Ratings
Length
Year
Community
Subscriptions
Recent Discussions
Orange Saloon
Badges
Playlists
Quests
Create
Leaderboards
Showdown
Live 5
Trivia Bingo
Activity
Puzzle Library
Sporcle Events
Private Events
Virtual Trivia
Globe League
Become a Host
Pub Owners
SporcleCon
Opinionation
Our Games
Videos
Blog
Mobile Apps
Partnerships
Remove Ads and Go Orange
Feedback
Miscellaneous
Crossword
General Knowledge
Baby Names
Logo
Food
Cars
Numbers
Grab Bag
University
College
Popular
Company
Slogans
Restaurants
Justice
Letter
Miscellaneous
Crossword
General Knowledge
Baby Names
Logo
Food
Cars
Numbers
Grab Bag
University
College
Popular
Company
Slogans
Restaurants
Justice
Letter
Random Quiz
Search Sporcle
×
Quiz Lab
Quiz Lab
Miscellaneous
temple
Type in answers that appear in a list
Type in answers that appear in a list
Classic
Best Score? Go Orange.
Temple Moor Y10 Red Tie Stats
Can you name everyone in Red tie?
By
BrickHead
15m
50 Questions
2 Plays
2 Plays
2 Plays
Comments
Comments
Give Quiz Kudos
Give Quiz Kudos
-
- Ratings
hide this ad
Replay
Link that replays current quiz
Next Quiz
Link to next quiz in quiz playlist
You Got
0%
They Got
Avg Score
33%
Avg Friend Score
Upgrade to see
Score Distribution
Jump to the score distribution portion of the page
Score
0/50
Timer
15:00
0
Plays Today
Form
Name
% Correct
10T
Jack Riley
100%
10T
Ewan Daniel
50%
10T
Ben Beaumont
50%
10T
Alfie Fisher
50%
10T
Reece Mcandrew
50%
10T
Taylor Riley
50%
10T
Tigan Ball
50%
10T
Claudia Inacio
50%
10T
Lauren Cope
50%
10T
Megan Wilson
50%
10T
Chloe Horn
50%
10T
Mariam Khan
50%
10T
Ellie Mcandrew
50%
10T
Mine Cothay
50%
10T
Jacob Heaton
50%
10T
Nicole Crowson
50%
10T
Finlay Benn
50%
10T
Damon McVeigh
50%
10T
Harrison Harrower
50%
10T
Marcus Gill
50%
10T
Ben Lockwood
50%
10T
Leah O'Connor
50%
10T
Charlie Woolerton
50%
10T
Cara Bellas
50%
10T
Ellie Dickinson
50%
Form
Name
% Correct
10T
Nigel Chambwe
50%
10T
Liam Leal
50%
10E
Moris Kamano
50%
10E
Jacob Field
50%
10E
Lucy Ruddock
50%
10E
Melissa Cullen
50%
10E
Chantelle Peat
50%
10E
Mwikala Kangwa
0%
10E
Kian Ledger
0%
10E
Curtis Dalby
0%
10E
Euan Cohen
0%
10E
Joe Mcourt
0%
10E
Gabriel Holmes
0%
10E
0%
10E
0%
10E
0%
10E
0%
10E
Jade Willis
0%
10E
Kia Foster
0%
10E
Tawana Nyakapinda
0%
10E
Evy Simpson
0%
10T
Rebecca Allen
0%
10E
Kai
0%
10E
Candice Waldsworth
0%
10E
Kayleigh Booth
0%
Quiz Playlist
Details
Report
Send in Message
Add To Playlist
Classic:
Type in answers that appear in a list
Last Updated: Feb 16, 2017
Quiz Scoreboard
CHALLENGE
Sign Up to Join the Scoreboard
Show All
Scores
Hide
Comments
May contain spoilers
Recently Published
Street Fighter Characters
by Artimus82
Gaming
60s
9x9 Crossword: Cartoon Network
by jackfrog10
Miscellaneous
3m
College Basketball Coaching Resumes
by pancakes188
Sports
9m
More to Explore
Quiz From the Vault
Featured Blog Post
Where Did the Easter Bunny Come From?
hide this ad
You Might Also Like...
Tags
Everyone
form
Red
temple
tie
Today's Top Quizzes in Miscellaneous
Browse Miscellaneous
hide this ad
Today's Top Quizzes in temple
Browse temple
Top Contributed Quizzes in Miscellaneous
1
5-to-1: Fast Food
2
The JOE quick-fire general knowledge quiz: Day 174
3
The JOE quick-fire general knowledge quiz: Day 173
4
5-to-1: Cocktails
5
The JOE quick-fire general knowledge quiz: Day 172
6
9x9 Crossword: Disney Movie Titles
7
Sunday Crossword: Famous Bodies of Water
8
9x9 Crossword: Charlie and the Chocolate Factory
9
The JOE quick-fire general knowledge quiz: Day 171
10
One Thing in Common: United Kingdom II
Explore More
Trending Topics
Kpop
Harry Potter
NBA
Anime
Disney
Marvel
Crossword
Pokémon
WWE
Country
Soccer
Puzzle
Song
The Office
NFL
hide this ad
More By:
BrickHead
Quiz
Plays
Rating
Category
Featured
Created
Temple Moor Y10 Red Tie
2
Miscellaneous
Jun 22, 2016
Go to Creator's Profile
Score Distribution
Quiz Creator Spotlight
BrickHead
Follow
Send a Message
Quizzes Created
-
Created Quiz Play Count
-
More By This Creator
Popular Quizzes Today
1
Find the US States - No Outlines Minefield
2
Find the Countries of Europe - No Outlines Minefield
3
The Countries of the World
4
Find the US States
5
Risky Map Clicking: Biggest States A-Z
6
US States
7
Popular People in 1961
8
Movies - When Are They Set?
More Miscellaneous Quizzes
Ships - Real or Fictional
Quiz Lab
Trending Quizzes
Risky Map Clicking: Least Populous States A-Z
Countries of the World: 200 Million BC
1-10 Letter G Words
Risky Map Clicking: Next State Alphabetically
Adjectives in 80s TV Shows
Recently Updated
Leaping Animals
pecheneg
Reality TV Shows (A-Z)
bhenderson79
Rickey Henderson's Hall of Fame Teammates
pecheneg
Champions League XIs: Arsenal
pecheneg
Quick Pick: Celebrities in WWE's Hall of Fame
aduchscher
A-Z Keypad Blitz II
pecheneg
Multiple Oscar Actors
pecheneg
Mystery Phrase Blitz: Oscar 'Best Actors'
pecheneg
F. Scott Fitzgerald Novels
LTH
Pick 3 Villains
ddd62291
Trending Topics
NBA
Disney
Crossword
Marvel
Kpop
Anime
Harry Potter
Country
Soccer
Puzzle
Song
Pokémon
WWE
The Office
NFL
Your Account Isn't Verified!
In order to create a playlist on Sporcle, you need to verify the email address you used during registration. Go to your
Sporcle Settings
to finish the process.
Report this User
Report this user for behavior that violates our
Community Guidelines
.
Details:
Send Report
Go to the Sporcle.com Mobile Site →
Comments